Como implicar a los estudiantes en el aprendizaje. 100 ideas creativas.
Збережено в:
| Автор: | |
|---|---|
| Формат: | Невідомо |
| Мова: | Англійська |
| Опубліковано: |
Madrid, España.
Narcea, S.A. de ediciones,
2020
|
| Предмети: | |
| Теги: |
Додати тег
Немає тегів, Будьте першим, хто поставить тег для цього запису!
|
MARC
| LEADER | 00000 a2200000 4500 | ||
|---|---|---|---|
| 003 | CL-VaPUC | ||
| 005 | 20211122153931.0 | ||
| 008 | 211026b2020 ||||| |||| 00| 0 eng d | ||
| 999 | |c 433764 |d 433762 | ||
| 020 | |a 978-84-277-2667-3 | ||
| 040 | |c Pontificia Universidad Católica de Valparaíso | ||
| 082 | |a 370.1523 TAI 2019 | ||
| 100 | 1 | |a Tait, Jon |9 863778 | |
| 245 | 1 | |a Como implicar a los estudiantes en el aprendizaje. 100 ideas creativas. | |
| 260 | |a Madrid, España. |b Narcea, S.A. de ediciones, |c 2020 | ||
| 300 | |a 134 páginas | ||
| 583 | |k Cristina María Rojas Aguilar |c 20211026 | ||
| 650 | 0 | |a Aprendizaje |9 254827 | |
| 650 | 0 | |a Didáctica |9 369923 | |
| 942 | |2 ddc |c BK | ||
| 952 | |0 0 |1 0 |2 ddc |4 0 |6 370_152300000000000_TAI_2019 |7 0 |8 A |9 579045 |a BIBHIS |b BIBHIS |d 2021-10-26 |e 52 |g 13239.31 |i 5589576 |l 2 |o 370.1523 TAI 2019 |p 5589576 |r 2025-01-20 |s 2024-10-03 |t 1 |v 13239.31 |w 2021-10-26 |y BK |k HIS | ||